LEADER 05231nam a2200721 u 4500 001 000000060529 003 CaOOAMICUS 005 20070226120925.0 008 010725m19891992ne ac u000 u fre u 020 $a0792306473 (v.1) 020 $a0792307224 (v.2) 020 $a0792308158 (v.3) 020 $a0792310489 (v.4) 020 $a0792310470 (v.5) 020 $a0792313240 (v.6) 020 $a0792321405 (v.7) 035 $a10898509 040 $aPUL(R)$bita 041 0 $afre$aeng 245 00$aRecueil des cours 1989 :$bcollected courses of The Hague Academy of International Law /$cAcadémie de Droit International ; établie avec le concours de la Dotation Carnegie Pour la Paix International. 260 $aThe Hague :$bNijhoff,$c1989-1992. 300 $a7 v. :$britr. ;$c24 cm 500 $aContiene indici. 500 $aI volumi hanno doppia numerazione: in numeri romani per l'annata, e in mumeri arabi a partire dal primo tomo (1923) della serie. 500 $a"Tome 213 [-219] de la Collection". 504 $aBibliografia in nota. 650 4$aDiritto internazionale.$0(OLS)http://pul/subject/2505 710 2 $aCarnegie Endowment for International Peace.$0(OLS)http://pul/name/41012 710 2 $aAcadémie de droit international.$0(OLS)http://pul/name/32517 774 0 $aRigaux, François.$tLes situations juridiques individuelles dans un système de relativité générale : cours générale de droit internationale privé$w()94045 774 0 $aDupuy, René-Jean.$tLa Révolution Française et le droit internationale actuel : conférence prononcée le 25 juillet 1989$w()94046 774 0 $aMac Lean, Roberto G.$tLegal aspects of the external debt$w()94047 774 0 $aShapira, Amos.$tPrivate international law : aspects of child custody and child kidnapping cases$w()94048 774 0 $aBourel, Pierre.$tDu rattachement de quelques délits spéciaux en droit interantional privé$w()94049 774 0 $aKay, Herma Hill.$tA defense of Currie's governmental interest analysis$w()94050 774 0 $aGianviti, François.$tThe international monetary fund and external debt$w()94051 774 0 $aGuillaume, Gilbert.$tTerrorisme et droit international$w()94052 774 0 $aHenkin, Louis.$tInternational law : politics, values and functions : general cours on public international law$w()94053 774 0 $aMosconi, Franco.$tExceptions to the operation of choice of law rulers$w()94054 774 0 $aPrott, Lyndel V.$tProblems of private internatinal law for the protection of cultural heritage$w()94055 774 0 $aMayer, Pierre.$tL'autonomie de l'arbitre international dans l'appréciation de sa propre compétence$w()94056 774 0 $aSimmonds, Kenneth R.$tThe European Economic Community and the new law of the sea$w()94057 774 0 $aGros Espiell, Héctor.$tLa Convention Américaine et la Convention Européenne des droits de l'homme : analyse comparative$w()94058 774 0 $aCaflisch, Lucius.$tRègles générales du droit des cours d'eau internationaux$w()94059 774 0 $aTunkin, Grigory I.$tPolitics, law and force in the interstate system$w()94060 850 $aPUL 852 $aPUL$W1$xDP2 Diritto e Scienze Sociali 2$y100$mUtrCiv C 4.213-219$j78921$nBK-PRI$b $qStampati altre collocazioni$B78921$CPULBib$Z2$F78921 $H $81 852 $aPUL$W1$xDP2 Diritto e Scienze Sociali 2$y100$mUtrCiv C 4.213-219$j78921$nBK-PRI$b $qStampati altre collocazioni$B78922$CPULBib$Z2$F78922 $H $81 852 $aPUL$W1$xDP2 Diritto e Scienze Sociali 2$y100$mUtrCiv C 4.213-219$j78921$nBK-PRI$b $qStampati altre collocazioni$B78923$CPULBib$Z2$F78923 $H $81 852 $aPUL$W1$xDP2 Diritto e Scienze Sociali 2$y100$mUtrCiv C 4.213-219$j78921$nBK-PRI$b $qStampati altre collocazioni$B78924$CPULBib$Z2$F78924 $H $81 852 $aPUL$W1$xDP2 Diritto e Scienze Sociali 2$y100$mUtrCiv C 4.213-219$j78921$nBK-PRI$b $qStampati altre collocazioni$B78925$CPULBib$Z2$F78925 $H $81 852 $aPUL$W1$xDP2 Diritto e Scienze Sociali 2$y100$mUtrCiv C 4.213-219$j78921$nBK-PRI$b $qStampati altre collocazioni$B78926$CPULBib$Z2$F78926 $H $81 852 $aPUL$W1$xDP2 Diritto e Scienze Sociali 2$y100$mUtrCiv C 4.213-219$j78921$nBK-PRI$b $qStampati altre collocazioni$B78927$CPULBib$Z2$F78927 $H $81 941 1 $a10 996 $6020$a0792306473 (v.1)$9(OLS)http://pul/number/78060 996 $6020$a0792307224 (v.2)$9(OLS)http://pul/number/78061 996 $6020$a0792308158 (v.3)$9(OLS)http://pul/number/78062 996 $6020$a0792310489 (v.4)$9(OLS)http://pul/number/78063 996 $6020$a0792310470 (v.5)$9(OLS)http://pul/number/78064 996 $6020$a0792313240 (v.6)$9(OLS)http://pul/number/78065 996 $6020$a0792321405 (v.7)$9(OLS)http://pul/number/78066 996 $6245$aRecueil des cours 1989 :$bcollected courses of The Hague Academy of International Law$9(OLS)http://pul/title/80895 996 $6260$aThe Hague :$bNijhoff$9(OLS)http://pul/publisher/51810 LEADER 01385nam a2200313 a 4500 001 000000138405 003 CaOOAMICUS 005 20140514132053.0 008 140514s2013 be u000 u eng r 020 $z9789058679635* 040 $aPUL$bita 245 04$aThe art of arguing in the world of Reinassance humanism /$cedited by Marc Laureys and Roswitha Simons. 260 $aLeuven :$bLeuven University Press,$c2013. 300 $aVIII, 232 p. ;$c24 cm 490 1 $aSupplementa Humanistica Lovaniensia ;$v34 500 $aInclude indici. 504 $aBibliografia in nota. 650 4$aRinascimento$xStudi.$0(OLS)http://pul/subject/7453 650 4$aUmanesimo$xCritica e interpretazione.$0(OLS)http://pul/subject/16054 700 1 $aLaureys, Marc.$0(OLS)http://pul/name/89212 700 1 $aSimons, Roswitha.$0(OLS)http://pul/name/89213 830 0$aSupplementa humanistica Lovaniensia ;$v34.$0(OLS)http://pul/title/64999 850 $aPUL 852 $aPUL$W1$xDP1 Riviste Correnti$y15$m1079 I 34$j159618$qPeriodici$B159156$CPULBib$Z2$F159156 $H124008 $82 941 1 $a5 996 $6020$z9789058679635*$9(OLS)http://pul/number/155247 996 $6245$aThe art of arguing in the world of Reinassance humanism$9(OLS)http://pul/title/175197 996 $6260$aLeuven :$bLeuven University Press$9(OLS)http://pul/publisher/48301